Camino de perfección: -pasión mística-
שמור ב:
| מחבר ראשי: | |
|---|---|
| פורמט: | ספר |
| שפה: | ספרדית |
| יצא לאור: |
Santiago
Universitaria
1981
|
| מהדורה: | 7a. ed |
| סדרה: | Colección Escritos de la Otra Orilla, 1
|
| נושאים: | |
| תגים: |
הוספת תג
אין תגיות, היה/י הראשונ/ה לתייג את הרשומה!
|
MARC
| LEADER | 00000cam a2200000 a 4500 | ||
|---|---|---|---|
| 001 | UCD5142 | ||
| 003 | CL-VaPUC | ||
| 005 | 20231116095824.0 | ||
| 008 | 160807e19810000cl |||||||||||||||||spa|d | ||
| 999 | |c 365894 |d 365892 | ||
| 040 | |c Pontificia Universidad Católica de Valparaíso | ||
| 082 | 0 | 4 | |a 863 |b BAR |2 21 |
| 100 | 0 | |a Baroja, Pío |e author |9 322211 | |
| 245 | 1 | 0 | |a Camino de perfección: -pasión mística- |
| 250 | |a 7a. ed | ||
| 260 | |a Santiago |b Universitaria |c 1981 | ||
| 300 | |a 175 p | ||
| 490 | 0 | |a Colección Escritos de la Otra Orilla, 1 | |
| 583 | |a last modification |c 20160807 22:49:00 |k Rodrigo Vera | ||
| 650 | 0 | |a Novelas españolas |9 265052 |x Ficción | |
| 942 | |c BK |2 ddc | ||
| 945 | |d 20160807 22:49:00 |a arojas | ||
| 952 | |0 0 |1 0 |3 erb |4 0 |6 863_000000000000000_BAR_1981 |7 0 |8 R |9 479865 |a BIBEDU |b BIBEDU |c MCIRC |i 5336562 |o 863 BAR 1981 |p 5336562 |r 2023-01-13 |w 2019-11-24 |y BK_R |z Catalogado en:20160807 |k EPE | ||